Top Rated TV Shows (A-Z) Quiz Stats

Quiz Updated Jun 30, 2016

Challenge
Share
Tweet
Embed
Score 0/25 Timer 06:00
1 Play Today
Letter Sample Show % Correct
F (16)Friends
87.3%
C (17)CSI: Crime Scene Investigation
80.7%
M (22)Madam Secretary
80.4%
E (5)ER
76.8%
A (15)American Idol
73.5%
S (11)Survivor
71.1%
H (11)Home Improvement
65.1%
B (17)Bonanza
64.6%
D (16)Dallas
63.2%
G (13)Gunsmoke
56.2%
W (10)Who Wants to Be a Millionaire?
54.7%
L (8)Laverne & Shirley
52.8%
X (1)The X-Files
48.2%
Letter Sample Show % Correct
N (9)NCIS
46.7%
I (3)I Love Lucy
43.1%
T (12)Three's Company
41.5%
R (11)Roseanne
34%
J (6)Jeffersons
22.5%
# (3)60 Minutes
22.5%
V (3)The Voice
20.4%
P (9)Person of Interest
19.7%
K (3)Kojak
19%
U (4)Undercover Boss
7.3%
Y (2)You Bet Your Life
6.4%
O (2)One Day at a Time
5.5%

You're not logged in!

Compare scores with friends on all Sporcle quizzes.
Join for Free
OR
Log In

You Might Also Like...

Show Comments

Extras

Top Quizzes Today


Score Distribution

Your Account Isn't Verified!

In order to create a playlist on Sporcle, you need to verify the email address you used during registration. Go to your Sporcle Settings to finish the process.

Report this User

Report this user for behavior that violates our Community Guidelines.

Details: